000 02033cam a2200541 a 4500
001 20411
003 VRT
005 20260122121247.0
008 240226s1960 xo abo grn 000 0 slo
015 _aSNBA1960
020 _q(viazané)
035 _aSNK000358316
035 _aurn:nbn:sk:snk-am3istk
035 _aC73195CA-CB27-46EA-AA62-AFF0DC6E104F
035 _aurn:nbn:sk:snk-am00fghu
039 9 _a202402261803
_bVLOAD
_c202304031947
_dVLOAD
_c202212140808
_dVLOAD
_c202107010828
_dVLOAD
040 _aSNK
_bslo
_cSNK
_eAACR2
041 1 _aslo
_heng
044 _axo
_cSK
072 7 _a91
_xGeografia ako veda. Výskum. Cestovanie
_2konspekt
080 _a910.4:5
_22011
080 _a(235.243)
_22011
080 _a(0.029.1)
_22011
100 1 _aIzzard, Ralph,
_d1910-1992
_4aut
240 1 4 _aThe abominable snowman adventura
_lSlovensky
245 1 0 _aHonba za snežným človekom
_cRalph Izzard ; z anglického originálu The abominable snowman adventura ... preložil Michal Breznický ; ilustroval Michal Studený
250 _aVydanie prvé
260 _aBratislava
_bMladé letá
_c1960
_eBratislava
_fPravda
300 _a222 strán, 42 nečíslovaných strán obrazových príloh
_bfotografie, ilustrácie, mapy
_c25 cm
366 _e8245 kusov
490 1 _aŠírym svetom
504 _aObsahuje bibliografiu a poznámky
650 0 7 _aprírodovedné expedície
_2SNKPH
650 0 7 _aYetti (snežný muž)
_2SNKPH
651 7 _aHimaláje (pohorie)
_2SNKPHgeo
655 7 _azápisníky
_2SNKPH
655 7 _adobrodružné príbehy
_2SNKPH
700 1 _aBreznický, Michal,
_d1923-
_4trl
700 1 _aStudený, Michal,
_d1939-
_4ill
830 0 _aŠírym svetom
910 _asnk
942 _2ddc
_cOLDO
_n0
949 _617A0263635
_9P60, <04>, [BOOK], {604}
_asnkSC 14405 D1
949 _6273K0333261
_asvkpoB 18737
_bsvkpo73668
949 _617A0846811
_asnkSC 14405
_bsnkKSP 2473/60
_s6100:20200601
949 _6270001000527198
_asvkbbS 17854
_bsvkbbm 59850
999 _c20411
_d20411